000 00501nam a2200181Ia 4500
003 GCL
008 140319s9999 xx 000 0 ara d
040 _aGCL /
_cGCL
082 0 4 _a657
_bخ م
100 1 _aاحمد رجب عبدالعال
245 1 0 _aالمحاسبة المالية /
_cاحمد رجب عبدالعال
700 1 _aخيرت ضيف
300 _a668 ص
490 _a
650 0 4 _aالمحاسبة المالية
650 0 4 _aالمالية العامة
942 _2ddc
_cBK
999 _c39124
_d39124